00362nam a2200133Ia 450000500170000000800410001708200130005810000140007124500740008525000090015926000280016830000110019665000210020720250108023300.0240331s9999 xx 000 0 und d bBHAa362 aBhasin, K 0aIf only someone had broken the Silence :bsexual violence on children a1st  aNew Delhic2003bSANGAT a26 p., aSexual Violence